<?xml version="1.0" encoding="UTF-8"?>
<record
    xmlns:xsi="http://www.w3.org/2001/XMLSchema-instance"
    xsi:schemaLocation="http://www.loc.gov/MARC21/slim http://www.loc.gov/standards/marcxml/schema/MARC21slim.xsd"
    xmlns="http://www.loc.gov/MARC21/slim">

  <leader>00561nam a2200181Ia 4500</leader>
  <controlfield tag="005">20260429112313.0</controlfield>
  <controlfield tag="008">260429s9999||||xx |||||||||||||| ||und||</controlfield>
  <datafield tag="020" ind1=" " ind2=" ">
    <subfield code="a">9789362784681</subfield>
  </datafield>
  <datafield tag="041" ind1=" " ind2=" ">
    <subfield code="a">Hindi</subfield>
  </datafield>
  <datafield tag="082" ind1=" " ind2=" ">
    <subfield code="a">294.5921</subfield>
    <subfield code="b">DEV</subfield>
  </datafield>
  <datafield tag="100" ind1=" " ind2=" ">
    <subfield code="a">&#x926;&#x947;&#x935;&#x940;, &#x936;&#x947;&#x932;&#x940; </subfield>
  </datafield>
  <datafield tag="245" ind1=" " ind2="0">
    <subfield code="a">&#x935;&#x948;&#x926;&#x93F;&#x915; &#x927;&#x930;&#x94D;&#x92E; &#x914;&#x930; &#x938;&#x902;&#x915;&#x943;&#x924;&#x93F; &#x938;&#x92D;&#x94D;&#x92F;&#x924;&#x93E; / </subfield>
    <subfield code="c">&#x936;&#x947;&#x932;&#x940; &#x926;&#x947;&#x935;&#x940;</subfield>
  </datafield>
  <datafield tag="250" ind1=" " ind2=" ">
    <subfield code="a">c</subfield>
  </datafield>
  <datafield tag="260" ind1=" " ind2=" ">
    <subfield code="a">&#x926;&#x93F;&#x932;&#x94D;&#x932;&#x940; : </subfield>
    <subfield code="b">&#x92A;&#x947;&#x930;&#x940;&#x921;&#x94B;&#x91F;,</subfield>
    <subfield code="c">2025.</subfield>
  </datafield>
  <datafield tag="300" ind1=" " ind2=" ">
    <subfield code="a">239 p.; Hb</subfield>
  </datafield>
  <datafield tag="650" ind1=" " ind2=" ">
    <subfield code="a">&#x935;&#x948;&#x926;&#x93F;&#x915; &#x927;&#x930;&#x94D;&#x92E;</subfield>
  </datafield>
  <datafield tag="942" ind1=" " ind2=" ">
    <subfield code="c">TB</subfield>
  </datafield>
  <datafield tag="999" ind1=" " ind2=" ">
    <subfield code="c">53393</subfield>
    <subfield code="d">53393</subfield>
  </datafield>
  <datafield tag="952" ind1=" " ind2=" ">
    <subfield code="0">0</subfield>
    <subfield code="1">0</subfield>
    <subfield code="4">0</subfield>
    <subfield code="7">0</subfield>
    <subfield code="8">NFIC</subfield>
    <subfield code="a">CUTN</subfield>
    <subfield code="b">CUTN</subfield>
    <subfield code="c">200</subfield>
    <subfield code="d">2026-04-29</subfield>
    <subfield code="e">Technical Bureau, New Delhi - Invoice No. TB3351 on 09-02-2026</subfield>
    <subfield code="l">0</subfield>
    <subfield code="o">294.5921 DEV</subfield>
    <subfield code="p">57807</subfield>
    <subfield code="r">2026-04-29 11:23:13</subfield>
    <subfield code="w">2026-04-29</subfield>
    <subfield code="y">TB</subfield>
  </datafield>
  <datafield tag="952" ind1=" " ind2=" ">
    <subfield code="0">0</subfield>
    <subfield code="1">0</subfield>
    <subfield code="4">0</subfield>
    <subfield code="7">0</subfield>
    <subfield code="8">NFIC</subfield>
    <subfield code="a">CUTN</subfield>
    <subfield code="b">CUTN</subfield>
    <subfield code="c">200</subfield>
    <subfield code="d">2026-04-29</subfield>
    <subfield code="e">Technical Bureau, New Delhi - Invoice No. TB3351 on 09-02-2026</subfield>
    <subfield code="l">0</subfield>
    <subfield code="o">294.5921 DEV</subfield>
    <subfield code="p">57808</subfield>
    <subfield code="r">2026-04-29 11:23:13</subfield>
    <subfield code="w">2026-04-29</subfield>
    <subfield code="y">TB</subfield>
  </datafield>
  <datafield tag="952" ind1=" " ind2=" ">
    <subfield code="0">0</subfield>
    <subfield code="1">0</subfield>
    <subfield code="4">0</subfield>
    <subfield code="7">0</subfield>
    <subfield code="8">NFIC</subfield>
    <subfield code="a">CUTN</subfield>
    <subfield code="b">CUTN</subfield>
    <subfield code="c">200</subfield>
    <subfield code="d">2026-04-29</subfield>
    <subfield code="e">Technical Bureau, New Delhi - Invoice No. TB3351 on 09-02-2026</subfield>
    <subfield code="l">0</subfield>
    <subfield code="o">294.5921 DEV</subfield>
    <subfield code="p">57809</subfield>
    <subfield code="r">2026-04-29 11:23:13</subfield>
    <subfield code="w">2026-04-29</subfield>
    <subfield code="y">TB</subfield>
  </datafield>
  <datafield tag="952" ind1=" " ind2=" ">
    <subfield code="0">0</subfield>
    <subfield code="1">0</subfield>
    <subfield code="4">0</subfield>
    <subfield code="7">0</subfield>
    <subfield code="8">NFIC</subfield>
    <subfield code="a">CUTN</subfield>
    <subfield code="b">CUTN</subfield>
    <subfield code="c">200</subfield>
    <subfield code="d">2026-04-29</subfield>
    <subfield code="e">Technical Bureau, New Delhi - Invoice No. TB3351 on 09-02-2026</subfield>
    <subfield code="l">0</subfield>
    <subfield code="o">294.5921 DEV</subfield>
    <subfield code="p">57810</subfield>
    <subfield code="r">2026-04-29 11:23:13</subfield>
    <subfield code="w">2026-04-29</subfield>
    <subfield code="y">TB</subfield>
  </datafield>
  <datafield tag="952" ind1=" " ind2=" ">
    <subfield code="0">0</subfield>
    <subfield code="1">0</subfield>
    <subfield code="4">0</subfield>
    <subfield code="7">0</subfield>
    <subfield code="8">NFIC</subfield>
    <subfield code="a">CUTN</subfield>
    <subfield code="b">CUTN</subfield>
    <subfield code="c">200</subfield>
    <subfield code="d">2026-04-29</subfield>
    <subfield code="e">Technical Bureau, New Delhi - Invoice No. TB3351 on 09-02-2026</subfield>
    <subfield code="l">0</subfield>
    <subfield code="o">294.5921 DEV</subfield>
    <subfield code="p">57811</subfield>
    <subfield code="r">2026-04-29 11:23:13</subfield>
    <subfield code="w">2026-04-29</subfield>
    <subfield code="y">TB</subfield>
  </datafield>
</record>
